| 000 | 01165nam0a2200349 4500 | ||
|---|---|---|---|
| 001 | RU\NLR\bibl\317701 | ||
| 005 | 20250621142056.0 | ||
| 010 |
_a5-93037-095-8 _93000 |
||
| 021 |
_aRU _b2002-26083 _91297 |
||
| 035 | _a(NLR Aleph) 000312776 | ||
| 090 |
_a48074 _c48074 |
||
| 100 | _a20021008d2002 |||y0rusy50 ca | ||
| 101 | 0 | _arus | |
| 102 | _aRU | ||
| 105 | _aa ||||||||| | ||
| 200 | 1 |
_aЛюбительские громкоговорители _fС. Бать |
|
| 210 |
_aМ. _cРадиоСофт _cЖурн. "Радио" _d2002 |
||
| 215 |
_a59,[1] с., [2] л. ил. _cил. _d21 |
||
| 606 | 0 |
_aРепродукторы самодельные _91513537 _3RU\NLR\auth\66959189 |
|
| 606 | 0 |
_aГромкоговорители самодельные _92264785 _3RU\NLR\auth\661357718 |
|
| 610 | 0 | _aГромкоговорители самодельные | |
| 675 |
_a621.395.623.7 _v3 _zrus |
||
| 686 |
_a49.39 _2rugasnti |
||
| 686 |
_a32.84 _2rubbk |
||
| 686 | _aЗ87-53 | ||
| 700 | 1 |
_aБать _bС. _4070 |
|
| 801 | 0 |
_aRU _bRKP _c20021008 _gPSBO |
|
| 801 | 1 |
_aRU _bRKP _c20021008 |
|
| 801 | 2 |
_aRU _bNLR _c20021216 _grcr |
|
| 942 | _cBOOK | ||
| 980 | _aNB | ||